Latin American agricultural performance in the debt crisis: salvation or stagnation? /

sin resumen

Պահպանված է:
Մատենագիտական մանրամասներ
Հիմնական հեղինակ: Helwegw, Ann
Ձևաչափ: Տեքստ
Լեզու:Spanish
Ցուցիչներ: Ավելացրեք ցուցիչ
Չկան պիտակներ, Եղեք առաջինը, ով նշում է այս գրառումը!

MARC

LEADER 00000 a a2200000 04500
001 9186
003 cru CIDCACS/IIS
005 20201007141335.0
008 201007b ||||| |||| 00| 0 spa d
999 |c 30601  |d 30601 
040 |c cru CIDCACS/IIS 
100 |a Helwegw, Ann  
245 |a Latin American agricultural performance in the debt crisis:   |b salvation or stagnation? /  |c Ann Helwegw 
520 |a sin resumen  
773 |g volumen 17, número 4; páginas 57-75  
773 0 |0 43209  |9 4939  |d California: Sage Publications, 1974-  |o MFN: 1340  |t Latin American Perspectives a Journal on Capitalism and Socialism  |x 0094582X 
942 |2 ddc  |c PP